000 00483nmm a2200157Ia 4500
008 251105s9999||||xx |||||||||||||||||und||
020 _a9788471126559
041 _aspa
100 _aPereira, Roberto
245 0 _aAdolescentes en el siglo XXI :
_b Entre impotencia, resiliencia y poder
264 _a[Madrid, España] :
_bEdiciones Morata S.L.,
_c2011
300 _a600 páginas
650 _aPsychology
856 _uhttps://public.digitaliapublishing.com/a/24040
942 _cCF
999 _c84788
_d84788